000 00673nam a2200181Ia 4500
008 151018s9999 xx 000 0 und d
082 _bRBASDV38168
_a891.463
100 _aमनोहर चंपानेरकर
245 _aकोडयात टाकणारी कोडी
250 _b1
260 _bजयदीप प्रकाशन पुणे
_c1994
300 _a64
600 _aमनोहर चंपानेरकर
630 _aकोडयात टाकणारी कोडी
700 _aमनोहर चंपानेरकर
730 _aकोडयात टाकणारी कोडी
942 _cBOOK
999 _c1037577
_d1037574